<?xml version="1.0" encoding="UTF-8"?>
<marc:record xmlns:marc="http://www.loc.gov/MARC21/slim">
   <marc:leader>00000nam a2200000 a 4500</marc:leader>
   <marc:datafield ind1="1" ind2=" " tag="100">
      <marc:subfield code="a">Fickel, Florian</marc:subfield>
      <marc:subfield code="4">aut</marc:subfield>
      <marc:subfield code="e">Verfasser/-in</marc:subfield>
   </marc:datafield>
   <marc:datafield ind1="0" ind2="0" tag="245">
      <marc:subfield code="a">Der kleine Tiger und das wahre Glück</marc:subfield>
   </marc:datafield>
   <marc:datafield ind1=" " ind2="1" tag="264">
      <marc:subfield code="b">ellermann im Dressler Verlag</marc:subfield>
      <marc:subfield code="c">2020</marc:subfield>
   </marc:datafield>
   <marc:datafield ind1="1" ind2=" " tag="520">
      <marc:subfield code="a">Das will ich auch, sagte der kleine Tiger.
Geschenke! Der kleine Tiger hat Geburtstag und packt ein Paket nach dem anderen aus, während seine Freunde Kuchen essen, spielen und Spaß haben. Und zack! ist es dunkel und die Party vorbei. Komisch, so viele Geschenke und trotzdem ist der Tiger irgendwie traurig. Zum Glück hat er super Freunde, die als Überraschung eine Pyjamaparty schmeißen.</marc:subfield>
   </marc:datafield>
   <marc:datafield ind1=" " ind2=" " tag="020">
      <marc:subfield code="a">9783770702268</marc:subfield>
      <marc:subfield code="9">9783770702268</marc:subfield>
   </marc:datafield>
</marc:record>
